000 00279nam a22001217a 4500
008 181004b xxu||||| |||| 00| 0 eng d
041 _aeng
080 _a721
100 _a41
101 _aARK
245 _aEncyclopedia Of Modern Architecture
_cAbrams.H.R
942 _2udc
_cBK
999 _c48850
_d48850